000 01186nam a2200337 i 4500
001 bg
003 BPK
005 20190725095302.0
008 030217s2002 pl a f |001 0 pol
015 _aPB 2003/3285
020 _a8301139064
040 _aWA N
_cBPK
041 1 _apol
_heng
080 _a51
080 _a(075.8)
100 1 _aGraham, Ronald L.
_d(1935- ).
245 1 0 _aMatematyka konkretna /
_cR. L. Graham, D. E. Knuth, O. Patashnik ; z jęz. ang. przeł. P. Chrząstowski [et al.].
246 1 _iTyt. oryg.:
_aConcrete mathematics :
_ba foundation for computer science,
_f1994.
250 _aWyd. 4.
260 _aWarszawa :
_bWydaw. Naukowe PWN,
_c2002.
300 _a717, [2] s. :
_bil. ;
_c24 cm.
504 _aBibliogr. Indeks.
650 4 _aMatematyka
_xszkoły wyższe.
655 4 _aPodręczniki akademickie
700 1 _aKnuth, Donald Ervin
_d(1938- ).
700 1 _aPatashnik, Oren.
700 1 _aChrząstowski, Piotr.
_eTł.
710 2 _aWydawnictwo Naukowe PWN
_4pbl.
856 4 1 _uhttp://koha.tu.koszalin.pl/cgi-bin/koha/opac-detail.pl?biblionumber=43698
_yKatalog online BPK
942 _2UKD
_cKS
999 _c43698
_d43698